000
00512nam a2200169Ia 4500
008
090711s9999 xx 000 0 und d
082
_b
77943
100
_a
वडनेरकर अलका
245
_a
सुंदर मी होणार
260
_c
1995
300
_a
108
600
_a
वडनेरकर अलका
630
_a
सुंदर मी होणार
700
_a
वडनेरकर अलका
730
_a
सुंदर मी होणार
942
_c
BOOK
999
_c
315630
_d
315630